000 00471nam a2200157 i 4500
001 41521
003 ES-MaACL
005 20230906160439.0
007 t|
008 030311s1933 cu |||| | spa d
100 1 _aCarballo, Luis J. de.
_935004
245 1 0 _aFenómenos cometarios
_b: memoria presentada a la Sociedad Astronómica de Francia /
_cLuis J. de Carballo.
260 _aHabana :
_b[s.n.,
_c1933]
650 0 4 _aCometas.
_911171
852 _aES-MaACL
_jT-1361-F-8
999 _c41521
_d41521